[Event "Challenge"]
[Site "http://www.queenalice.com/game.php?id=1571582"]
[Date "2019.5.20"]
[Round "-"]
[White "zemari"]
[Black "Nelsonbento"]
[Result "1-0"]
[WhiteElo "1604"]
[BlackElo "1649"]

1. e4 d5 2. exd5 Qxd5 3. c3 b5 4. d4 h5 5. Nf3 f6 6. Bd3 Bg4 7. Qe2 Bxf3 8. gxf3
a6 9. Be4 Qd7 10. Bxa8 c6 11. Be3 g5 12. h3 Qc7 13. d5 Qc8 14. dxc6 e5 15. c7
Qxc7 16. Bd5 Ne7 17. Bb3 Nf5 18. Bc2 Nh4 19. Rg1 Bd6 20. Nd2 O-O 21. O-O-O Nf5
22. Bxf5 h4 23. Bc2 Nc6 24. Ne4 Be7 25. Bc5 Na5 26. Bxe7 Qxe7 27. Rd6 f5 28.
Rg6+ Kh7 29. R1xg5 Qf7 30. Nd6 Qxa2 31. Qxe5 Rg8 32. Qe7+ Kh8 33. Rxg8+ Qxg8 34.
Rxg8+ Kxg8 35. Qe6+ Kg7 36. Qxf5 Nc6 37. Ne4 Ne7 38. Qf6+ Kg8 39. Qxe7 a5 40.
Qc5 b4 41. Qxa5 bxc3 42. Qxc3 Kf7 43. b4 1-0

[Event "Challenge"]
[Site "http://www.queenalice.com/game.php?id=1571650"]
[Date "2019.5.21"]
[Round "-"]
[White "Nelsonbento"]
[Black "zemari"]
[Result "1-0"]
[WhiteElo "1645"]
[BlackElo "1606"]

1. f4 g6 2. e4 Bg7 3. e5 d6 4. d4 f6 5. Bb5+ Bd7 6. Bxd7+ Qxd7 7. Nf3 Qg4 8. O-O
Qf5 9. Qe2 fxe5 10. dxe5 Nc6 11. exd6 Kd7 12. Ne5+ Nxe5 13. fxe5 Qe6 14. dxc7
Kxc7 15. Bf4 Rd8 16. Nc3 a6 17. a4 Kb8 18. b3 Nh6 19. Rad1 Nf7 20. Qe3 Bxe5 21.
Bxe5+ Nxe5 22. Qf4 Kc8 23. Rfe1 Qf6 24. Qxe5 Qxe5 25. Rxe5 Rxd1+ 26. Nxd1 Rd8
27. Nc3 Rd2 28. Rxe7 Rxc2 29. Nd5 Rb2 30. Rxh7 Rxb3 31. Rg7 Ra3 32. Nb6+ Kb8 33.
Rxg6 Ka7 34. h4 Rc3 35. h5 Rc6 36. Rxc6 bxc6 37. h6 Kxb6 38. h7 Ka5 39. h8=Q c5
40. Qc3+ Kxa4 41. Qxc5 Kb3 42. Qb6+ Kc4 43. Qxa6+ Kd5 44. Qf6 1-0

[Event "Challenge"]
[Site "http://www.queenalice.com/game.php?id=1571708"]
[Date "2019.5.21"]
[Round "-"]
[White "zemari"]
[Black "z3r0vulc4n"]
[Result "0-1"]
[WhiteElo "1491"]
[BlackElo "1776"]

1. e4 e5 2. d4 d6 3. dxe5 dxe5 4. Bd3 Nc6 5. c3 Nf6 6. h3 a6 7. Nf3 Bc5 8. Qe2
h6 9. Be3 Bxe3 10. Qxe3 O-O 11. Nbd2 Be6 12. b3 Na5 13. O-O-O b5 14. c4 bxc4 15.
Bxc4 Nxc4 16. Nxc4 Qe7 17. Nfxe5 Bxc4 18. Nxc4 Rae8 19. e5 Nh7 20. f4 f6 21. g3
fxe5 22. Nxe5 Rf5 23. Rhe1 Qa3+ 24. Kb1 Rff8 25. Qe4 Nf6 26. Qa4 Qxa4 27. bxa4
Rb8+ 28. Ka1 c5 0-1

[Event "Challenge"]
[Site "http://www.queenalice.com/game.php?id=1571709"]
[Date "2019.5.21"]
[Round "-"]
[White "z3r0vulc4n"]
[Black "zemari"]
[Result "1-0"]
[WhiteElo "1770"]
[BlackElo "1511"]

1. e4 e5 2. Nf3 d6 3. Nc3 c6 4. Bc4 f6 5. d3 Ne7 6. h3 Nd7 7. O-O Nb6 8. b3 a6
9. Nh4 Ng6 10. Nxg6 hxg6 11. Be3 d5 12. exd5 cxd5 13. Bxb6 Qxb6 14. Nxd5 Qc6 15.
a4 Bd7 16. Ne3 Be6 17. Bxe6 Qxe6 18. Qf3 Rd8 19. Qxb7 Be7 20. c4 Rxd3 21. Rad1
Rd4 22. Rxd4 exd4 23. Nd5 Kf7 24. Nxe7 Qxe7 25. Qxe7+ Kxe7 26. Re1+ Kd7 27. Rd1
1-0

[Event "Challenge"]
[Site "http://www.queenalice.com/game.php?id=1571781"]
[Date "2019.5.22"]
[Round "-"]
[White "zemari"]
[Black "Nelsonbento"]
[Result "0-1"]
[WhiteElo "1622"]
[BlackElo "1629"]

1. e4 d5 2. exd5 Qxd5 3. d4 e5 4. Nc3 Qd6 5. d5 h5 6. h4 Nf6 7. f3 Qb6 8. b3 Bc5
9. Nce2 Bf5 10. Bb2 Nbd7 11. Nh3 O-O-O 12. Ng3 Bxh3 13. Rxh3 Bf2+ 14. Ke2 Qe3#
0-1

[Event "Challenge"]
[Site "http://www.queenalice.com/game.php?id=1572036"]
[Date "2019.5.24"]
[Round "-"]
[White "zemari"]
[Black "Nelsonbento"]
[Result "1-0"]
[WhiteElo "1538"]
[BlackElo "1696"]

1. e4 e5 2. d4 Bd6 3. Nf3 b5 4. Bxb5 a6 5. Bc4 Nc6 6. Bd5 Nge7 7. Bxc6 Nxc6 8.
d5 Bb4+ 9. c3 Nd4 10. Nxe5 c5 11. cxb4 d6 12. Nc6 Qf6 13. Nxd4 cxd4 14. Qd3 O-O
15. Na3 Bg4 16. f3 Bd7 17. Nc4 Bb5 18. a4 Bxc4 19. Qxc4 Rfc8 20. Qd3 Rc7 21. O-O
g6 22. b3 Rc3 23. Qd2 Rac8 24. Ba3 Rxb3 25. Qd1 Rbc3 26. Bb2 R3c4 27. Qd2 Rc2
28. Bxd4 Qh4 29. Qd3 Qg5 30. Rf2 Rxf2 31. Bxf2 h5 32. Be3 Qe5 33. Bd4 Qg5 34. h3
Rc1+ 35. Rxc1 Qxc1+ 36. Kh2 Qe1 37. Qc3 Qb1 38. Qc4 h4 39. Bf6 Qe1 40. Qc8+ Kh7
41. Qh8# 1-0

[Event "Challenge"]
[Site "http://www.queenalice.com/game.php?id=1572037"]
[Date "2019.5.24"]
[Round "-"]
[White "Nelsonbento"]
[Black "zemari"]
[Result "1-0"]
[WhiteElo "1662"]
[BlackElo "1550"]

1. d4 d5 2. e3 Bf5 3. Bb5+ c6 4. Bd3 Qd7 5. f3 Nf6 6. g4 Bxd3 7. Qxd3 Qc7 8. b3
e5 9. Bb2 e4 10. fxe4 Nxe4 11. Ne2 Bd6 12. Nf4 Bxf4 13. exf4 Qxf4 14. Rf1 Qxg4
15. Nd2 Qh4+ 16. Kd1 Qxh2 17. Nxe4 dxe4 18. Qxe4+ Kd7 19. Rxf7+ Kc8 20. Qe7 Qh5+
21. Kd2 Qxf7 22. Qxf7 Nd7 23. Re1 Rd8 24. Qxg7 h5 25. Rh1 Kc7 26. Rxh5 Rg8 27.
Qf7 Rg2+ 28. Kc3 Rf8 29. Qc4 Rg3+ 30. Kb4 Nb6 31. Qc5 Nd5+ 32. Rxd5 Rg6 33. Qxf8
cxd5 34. Qf7+ 1-0

[Event "AUTO-INT-3433"]
[Site "http://www.queenalice.com/game.php?id=1572046"]
[Date "2019.5.24"]
[Round "1"]
[White "TIKAR"]
[Black "zemari"]
[Result "1-0"]
[WhiteElo "1543"]
[BlackElo "1567"]

1. c4 c5 2. Nc3 d6 3. d4 cxd4 4. Qxd4 e5 5. Qd1 Be6 6. e3 a6 7. Bd3 Nh6 8. h3
Qb6 9. e4 Nc6 10. Bxh6 gxh6 11. Qh5 Nd4 12. Rb1 O-O-O 13. Nd5 Bxd5 14. exd5 Qc7
15. Ne2 Nxe2 16. Bxe2 Rg8 17. O-O Rg5 18. Qf3 Rd7 19. b4 Kb8 20. b5 a5 21. Qa3
h5 22. Qe3 b6 23. Qxg5 f6 24. Qxh5 Rg7 25. Bg4 Rg6 26. Rbc1 Bh6 27. Rc2 Qe7 28.
Qf5 Rg8 29. Rfc1 Bxc1 30. Rxc1 Rh8 31. Qe6 Re8 32. Qf5 Qc7 33. Qxf6 Rf8 34. Qh6
Rf4 35. Rc2 Rxc4 36. Qf8+ Kb7 37. Rxc4 Qxc4 38. Qxd6 Qxb5 39. Qe7+ Ka6 40. Bc8#
1-0

[Event "AUTO-INT-3433"]
[Site "http://www.queenalice.com/game.php?id=1572047"]
[Date "2019.5.24"]
[Round "1"]
[White "zemari"]
[Black "TIKAR"]
[Result "0-1"]
[WhiteElo "1575"]
[BlackElo "1543"]

1. e4 c5 2. c4 e6 3. d3 d5 4. exd5 exd5 5. Na3 d4 6. g3 Nc6 7. Bg2 h6 8. Bxc6+
bxc6 9. Bd2 Nf6 10. Qa4 Bd7 11. Qd1 Qb8 12. b3 Bd6 13. h3 O-O 14. Ne2 Re8 15.
O-O Bxh3 16. Re1 Nh5 17. Kh2 Bg4 18. Qc1 Bxe2 19. Bf4 Bxf4 20. gxf4 Nxf4 21. Kh1
Bf3+ 22. Kg1 Nh3+ 23. Kf1 Qh2 24. Nb1 Qg1# 0-1

[Event "AUTO-INT-3433"]
[Site "http://www.queenalice.com/game.php?id=1572062"]
[Date "2019.5.24"]
[Round "1"]
[White "zemari"]
[Black "kakocarvalho"]
[Result "0-1"]
[WhiteElo "1486"]
[BlackElo "1635"]

1. e4 d6 2. d4 Nf6 3. Nc3 g6 4. f3 Bg7 5. Bc4 O-O 6. Nge2 Nc6 7. Bb5 Bd7 8. O-O
a6 9. Bxc6 Bxc6 10. d5 Bd7 11. Be3 c6 12. Rb1 cxd5 13. Qc1 dxe4 14. fxe4 Bc6 15.
b4 Nxe4 16. Qe1 Qc7 17. Nxe4 Bxe4 18. Rc1 Qc6 19. Nf4 e5 20. Nd3 Bxg2 21. Rf2
Bh3 22. Qd2 Bf5 23. Ne1 d5 24. Bc5 Rfd8 25. Ng2 d4 26. Ne1 a5 27. a3 axb4 28.
Bxb4 e4 29. Qd1 e3 30. Re2 Bg4 31. Qd3 Bxe2 32. Qxe2 Rd5 33. Nd3 Qf6 34. Rf1
Qg5+ 35. Kh1 Qh4 36. Be1 Qe4+ 0-1

[Event "AUTO-INT-3433"]
[Site "http://www.queenalice.com/game.php?id=1572063"]
[Date "2019.5.24"]
[Round "1"]
[White "kakocarvalho"]
[Black "zemari"]
[Result "1-0"]
[WhiteElo "1608"]
[BlackElo "1537"]

1. Nf3 d5 2. g3 f6 3. Bg2 c6 4. O-O e5 5. d3 Bc5 6. Nbd2 Ne7 7. e4 Bg4 8. h3 Be6
9. Nb3 Bb6 10. a4 a5 11. Bd2 O-O 12. g4 h6 13. Nh4 g5 14. Nf5 Bxf5 15. exf5 Na6
16. c3 Kh7 17. d4 e4 18. f4 Bc7 19. fxg5 fxg5 20. Qc1 Nc8 21. Nc5 Nxc5 22. dxc5
Qe7 23. Be3 Be5 24. Rb1 Qc7 25. c4 Ne7 26. h4 Bf6 27. hxg5 Bxg5 28. Bxg5 hxg5
29. Qxg5 Rg8 30. Qh5+ Kg7 31. f6+ Kf8 32. fxe7+ Kxe7 33. Rf7+ 1-0

[Event "AUTO-INT-3433"]
[Site "http://www.queenalice.com/game.php?id=1572064"]
[Date "2019.5.24"]
[Round "1"]
[White "zemari"]
[Black "luca77"]
[Result "1-0"]
[WhiteElo "1560"]
[BlackElo "1389"]

1. e4 e5 2. Bc4 Qe7 3. d3 d5 4. Bxd5 c6 5. Bb3 Nf6 6. h3 Na6 7. Be3 Be6 8. c3
Bxb3 9. Qxb3 b5 10. Ne2 O-O-O 11. Bxa7 Nc5 12. Bxc5 Rxd3 13. Bxe7 Bxe7 14. Qxf7
Rhd8 15. Na3 Bc5 16. Qxg7 Nxe4 17. Qg4+ Kb8 18. Qxe4 Bb6 19. Qxc6 Bxf2+ 20. Kxf2
Rf8+ 21. Ke1 b4 22. Qb5+ Kc8 23. Qxd3 Rd8 24. Qf5+ Kb8 25. Qxe5+ Kc8 26. Rd1
Rxd1+ 27. Kxd1 bxc3 28. Nxc3 1-0

[Event "AUTO-INT-3433"]
[Site "http://www.queenalice.com/game.php?id=1572065"]
[Date "2019.5.24"]
[Round "1"]
[White "luca77"]
[Black "zemari"]
[Result "1-0"]
[WhiteElo "1342"]
[BlackElo "1417"]

1. e4 e5 2. d4 exd4 3. Qxd4 f6 4. Bc4 d6 5. Bxg8 Rxg8 6. Qd5 Rh8 7. Qb5+ c6 8.
Qd3 Be7 9. Nf3 Bg4 10. O-O Nd7 11. h3 Be6 12. Bf4 Kf7 13. Nc3 Re8 14. e5 Rh8 15.
Ne2 dxe5 16. Be3 Qc7 17. c4 g6 18. b4 Rhd8 19. a4 Nb6 20. Qe4 Bxb4 21. Qh4 Rh8
22. Rad1 Nxc4 23. Ng3 b6 24. Ng5+ fxg5 25. Qxg5 Qe7 26. Qxe7+ Kxe7 27. Bg5+ Kf7
28. Ne4 Bd5 29. Bf6 Rhe8 30. Rd3 Bxe4 31. Rd7+ Be7 32. Bxe7 Rxe7 33. Rxe7+ Kxe7
34. f3 Bf5 35. Rd1 Rd8 36. Rxd8 1-0

[Event "AUTO-INT-3441"]
[Site "http://www.queenalice.com/game.php?id=1574696"]
[Date "2019.6.17"]
[Round "1"]
[White "zemari"]
[Black "krystian"]
[Result "0-1"]
[WhiteElo "1514"]
[BlackElo "1833"]

1. e4 c6 2. d4 d5 3. Nc3 dxe4 4. Nxe4 Bf5 5. Nc5 e6 6. Nf3 Bxc5 7. dxc5 Nd7 8.
Bd3 Bxd3 9. Qxd3 Nxc5 10. Qxd8+ Rxd8 11. O-O Nf6 12. Bg5 Nce4 13. Bf4 Nd5 14.
Rad1 O-O 15. c3 Nxf4 16. Rd4 Rxd4 17. Nxd4 Nd3 18. Rb1 Nexf2 19. Nc2 Rd8 20. Ne1
Nxe1 0-1

[Event "AUTO-INT-3441"]
[Site "http://www.queenalice.com/game.php?id=1574711"]
[Date "2019.6.17"]
[Round "1"]
[White "zemari"]
[Black "oevidalr"]
[Result "0-1"]
[WhiteElo "1440"]
[BlackElo "1549"]

1. e4 e5 2. d4 Nc6 3. d5 Nce7 4. Nf3 d6 5. Be2 Bg4 6. h3 Bxf3 7. Bxf3 Nf6 8. Be3
h6 9. Nc3 c6 10. dxc6 bxc6 11. b4 Rb8 12. Rb1 d5 13. Na4 d4 14. Bd2 Ng6 0-1

[Event "AUTO-INT-3441"]
[Site "http://www.queenalice.com/game.php?id=1574712"]
[Date "2019.6.17"]
[Round "1"]
[White "oevidalr"]
[Black "zemari"]
[Result "1-0"]
[WhiteElo "1561"]
[BlackElo "1428"]

1. e4 e5 2. Nf3 d6 3. Nc3 Nf6 4. Bc4 Qe7 5. d3 h6 6. O-O a6 7. d4 Be6 8. d5 Bg4
9. h3 Bxf3 10. Qxf3 Qd7 11. Qg3 g5 12. b3 c5 13. Na4 Qc7 14. Qf3 Bg7 15. a3 1-0

[Event "AUTO-INT-3441"]
[Site "http://www.queenalice.com/game.php?id=1574713"]
[Date "2019.6.17"]
[Round "1"]
[White "zemari"]
[Black "Brechtien"]
[Result "0-1"]
[WhiteElo "1456"]
[BlackElo "1656"]

1. e4 e6 2. d4 d5 3. Nc3 dxe4 4. Nxe4 Be7 5. c4 Nf6 6. Nxf6+ Bxf6 7. Nf3 O-O 8.
c5 c6 9. Bf4 Nd7 10. Be2 Be7 11. O-O Nf6 12. Ne5 Nd5 13. Nd3 Bf6 14. Bd6 Re8 15.
Ne1 Be7 16. Bxe7 Qxe7 17. Nc2 e5 18. Re1 exd4 19. Bf3 Qf8 20. Nxd4 Bd7 21. a3
Rxe1+ 22. Qxe1 Re8 23. Qd2 Qxc5 24. Rc1 Qb6 25. Be2 Nf6 26. f3 Nd5 27. Kh1 Qd8
0-1

[Event "AUTO-INT-3441"]
[Site "http://www.queenalice.com/game.php?id=1574714"]
[Date "2019.6.17"]
[Round "1"]
[White "Brechtien"]
[Black "zemari"]
[Result "1-0"]
[WhiteElo "1647"]
[BlackElo "1465"]

1. Nf3 d5 2. d4 Nc6 3. e3 Bg4 4. Be2 Bd7 5. O-O f6 6. c4 dxc4 7. Bxc4 Bf5 8. a3
e6 9. Nc3 a6 10. b4 Nce7 11. Bb2 Nc8 12. e4 Bg4 13. Be2 Bh5 14. d5 exd5 15. Nxd5
Bf7 16. Rc1 Bxd5 17. exd5 Bd6 18. Nd2 Nge7 19. Bh5+ Ng6 20. Re1+ Kf7 21. Qe2 Re8
22. Qxe8+ Qxe8 23. Rxe8 Kxe8 24. Re1+ Kf7 25. Nf3 Nb6 26. Nd2 Re8 27. Rxe8 1-0

[Event "AUTO-INT-3445"]
[Site "http://www.queenalice.com/game.php?id=1576216"]
[Date "2019.7.2"]
[Round "1"]
[White "Leovitor"]
[Black "zemari"]
[Result "1-0"]
[WhiteElo "1646"]
[BlackElo "1448"]

1. e4 e5 2. f4 exf4 3. Nf3 f6 4. Bc4 Bc5 5. d4 Bb6 6. O-O d6 7. c3 Qe7 8. Qe2
Be6 9. Bxe6 Qxe6 10. Bxf4 Ne7 11. Nbd2 Nd7 12. a4 c6 13. a5 Bc7 14. b4 O-O-O 15.
b5 1-0

[Event "AUTO-INT-3445"]
[Site "http://www.queenalice.com/game.php?id=1576230"]
[Date "2019.7.2"]
[Round "1"]
[White "zemari"]
[Black "byyonico"]
[Result "0-1"]
[WhiteElo "1394"]
[BlackElo "1692"]

1. e4 c5 2. d4 cxd4 3. Qxd4 Nc6 4. Qd1 e5 5. c3 Bc5 6. Bc4 Nf6 7. f3 O-O 8. Ne2
d6 9. Bd5 Nxd5 10. Bd2 Ne3 11. Bxe3 Bxe3 12. Na3 Qg5 13. Ng3 Bd2+ 0-1

[Event "AUTO-INT-3445"]
[Site "http://www.queenalice.com/game.php?id=1576231"]
[Date "2019.7.2"]
[Round "1"]
[White "byyonico"]
[Black "zemari"]
[Result "1-0"]
[WhiteElo "1688"]
[BlackElo "1398"]

1. d4 d5 2. c4 dxc4 3. e4 b5 4. Nc3 a6 5. a3 e6 6. e5 Nc6 7. Nf3 Bb7 8. Be2 Na5
9. Bg5 Be7 10. Bxe7 Nxe7 11. O-O Nb3 12. Rb1 Nf5 13. h3 Qe7 14. Qc2 1-0

[Event "AUTO-INT-3445"]
[Site "http://www.queenalice.com/game.php?id=1576232"]
[Date "2019.7.2"]
[Round "1"]
[White "zemari"]
[Black "bouley"]
[Result "0-1"]
[WhiteElo "1384"]
[BlackElo "1864"]

1. e4 Nc6 2. d4 d5 3. e5 Bf5 4. Bd3 Bxd3 5. Qxd3 e6 6. Nf3 f6 7. Bf4 fxe5 8.
Nxe5 Nxe5 9. Bxe5 Nf6 10. f3 Be7 11. Nd2 O-O 12. h4 Nd7 13. Bxg7 Kxg7 14. g3 Nf6
15. Nf1 c5 16. h5 Kh8 17. O-O-O c4 18. Qe3 Qd6 19. Qf2 b5 20. Ne3 Ne4 21. Qh2
Rxf3 0-1

[Event "AUTO-INT-3445"]
[Site "http://www.queenalice.com/game.php?id=1576233"]
[Date "2019.7.2"]
[Round "1"]
[White "bouley"]
[Black "zemari"]
[Result "1-0"]
[WhiteElo "1862"]
[BlackElo "1386"]

1. e4 e5 2. Nc3 Nf6 3. d3 Bb4 4. Bd2 Bc5 5. Nf3 Bd4 6. Nxd4 exd4 7. Ne2 d6 8.
Nxd4 c6 9. Be2 O-O 10. O-O Re8 11. Bg5 h6 12. Bh4 g5 13. Bg3 Qe7 14. f4 Nh7 15.
Nf5 Bxf5 16. fxg5 Nxg5 17. Rxf5 Na6 18. Bh5 Rf8 19. Qg4 b5 20. h4 f6 21. hxg5
1-0